01078njm a2200277Ia 450000100060000000300090000600500170001500800410003204000130007304000130008604100130009910000200011210000180013210000380015024500210018825000110020926000110022026000790023130000170031030000290032750000210035650502230037765000590060070000640065970000770072326725IT-RoPAU20220918181146.0131025s9999 xx 000 0 und d aIT-RoPAU cIT-RoPAU aITALIANO aDi Mario Angelo eAutore musica gCodice autore musica SPICS: 10868 aVoglia di Natale a1a ed. aALBANO bEP - MUSICALI E DISCOGRAFICHEc1985 [1a Ed.:1985 - Ed. Lingua Orig.: 1985] aMUSICASSETTA c42 minuti (Testo: pag.) aMusica di Natale aNatale grande emozione - Voglia di Natale - Il mio albero di Natale - Natale a Beirut - Fà il presepio - Computerino - Ninna nanna a tutti i bambini - Il barbone - A Gesù bambino - La befana - Auguri lunghi un anno aCANTI DI NATALE [CASSETTE]eCodice MATERIA SPICS: 9951 aDi Mario AngelogCodice interprete SPICS: 10868eInterprete aIsadora eAutore testo e musicagCodice autore testo/musica SPICS: 27971